| 000 | 00913pam a2200301 a 4500 | ||
|---|---|---|---|
| 001 | 4871341 | ||
| 003 | mut | ||
| 005 | 20240606081249.0 | ||
| 008 | 920925s1993 mnua b 001 0 eng c | ||
| 010 | _a 92048672 | ||
| 020 | _a0314012257 (hard : alk. paper) | ||
| 040 |
_aDNLM/DLC _cmut _dDLC |
||
| 050 | 0 | 0 |
_aQP34.5 _b.S48 1993 |
| 060 | _aQT 104 S554h | ||
| 082 | 0 | 0 |
_a612 _220 |
| 100 | 1 | _aSherwood, Lauralee. | |
| 245 | 1 | 0 |
_aHuman physiology : _bfrom cells to systems / |
| 250 | _a2nd ed. | ||
| 260 |
_aMinneapolis/St. Paul : _bWest Pub. Co., _cc1993. |
||
| 300 |
_a1 v. (various pagings) : _bill. (some col.) ; _c29 cm. |
||
| 504 | _aIncludes bibliographical references and index. | ||
| 650 | 0 | _aHuman physiology. | |
| 650 | 2 | _aAnatomy. | |
| 650 | 2 | _aPhysiology. | |
| 906 |
_a7 _bcbc _corignew _d1 _eocip _f19 _gy-gencatlg |
||
| 942 |
_2lcc _cBK |
||
| 999 |
_c13374 _d13374 |
||